Kraje z największą ilością czołgów. - Statystyki

Ogólne statystyki
  • Ten quiz został rozwiązany 275 razy
  • Średni wynik to 7 z 10
Statystyki odpowiedzi
Liczba czołgów Odpowiedź % Poprawnych
13 000 Rosja
100%
6 100 Stany Zjednoczone
99%
3 205 Chiny
97%
4 730 Indie
80%
3 709 Iran
71%
6 145 Korea Północna
69%
3 045 Turcja
64%
3 735 Egipt
60%
3 740 Syria
33%
3 003 Maroko
21%
Nie znaleziono quizów pasujących do podanych kryteriów
Rozkład punktacji
Procent ludzi z każdym wynikiem
Percentyl według liczby udzielonych odpowiedzi
Twoja historia wyników
Nie rozwiązałeś tego quizu